[Event "Varennes int."]
[Site "Varennes CAN"]
[Date "2017.07.10"]
[Round "2.7"]
[White "Ruiz Sanchez, Orlen"]
[Black "Gordon, David"]
[Result "1-0"]
[WhiteElo "2409"]
[BlackElo "2199"]
[WhiteFideId "-1"]
[WhiteFideId "-1"]
[PlyCount "99"]
[GameId "2160767908326009"]
[EventDate "2017.10.06"]
[EventType "swiss"]
[EventRounds "5"]
[EventCountry "CAN"]

1. e4 c5 2. Nc3 Nc6 3. Bb5 Nd4 4. Nf3 g6 5. Bc4 Bg7 6. O-O d6 7. d3 Be6 8. Nd5 Bg4 9. c3 Nxf3+ 10. gxf3 Bd7 11. d4 e6 12. Nf4 cxd4 13. cxd4 Rc8 14. Bb3 Ne7 15. Be3 O-O 16. Qd2 d5 17. Ne2 Bb5 18. Rfd1 Bxe2 19. Qxe2 Qd7 20. Qd2 Qb5 21. Qd3 Qxd3 22. Rxd3 Rfd8 23. Rad1 b5 24. Bg5 f6 25. Bd2 Nc6 26. Rc1 Ne7 27. Rc5 a6 28. Ba5 Rd7 29. Rxc8+ Nxc8 30. exd5 exd5 31. a4 f5 32. axb5 axb5 33. Rc3 Ne7 34. Bb6 Kf7 35. Kf1 f4 36. Ke2 Nf5 37. Kd3 Nh4 38. Rc7 Rxc7 39. Bxd5+ Ke7 40. Bxc7 g5 41. Be4 h6 42. Bb6 Kd7 43. Bc5 h5 44. Kc3 g4 45. Kb4 Ke6 46. fxg4 hxg4 47. Kxb5 Nf5 48. Bxf5+ Kxf5 49. Kc6 Ke4 50. b4 1-0

[Event "Varennes int."]
[Site "Varennes CAN"]
[Date "2017.10.07"]
[Round "2.11"]
[White "Perez Rodriguez, Luis Manuel"]
[Black "Huang, Qiuyu"]
[Result "1-0"]
[WhiteElo "2368"]
[BlackElo "2153"]
[WhiteFideId "-1"]
[WhiteFideId "-1"]
[PlyCount "151"]
[GameId "2160767908326013"]
[EventDate "2017.10.06"]
[EventType "swiss"]
[EventRounds "5"]
[EventCountry "CAN"]
[SourceTitle "hb 2017"]

1. e4 c5 2. Nf3 Nc6 3. c3 d5 4. exd5 Qxd5 5. d4 Bg4 6. Be2 e6 7. h3 Bh5 8. c4 Qd7 9. g4 Bg6 10. d5 Nd4 11. Nxd4 cxd4 12. Qxd4 Nf6 13. Nc3 Bb4 14. Bd2 h6 15. a3 Bxc3 16. Bxc3 exd5 17. Bb4 Qc6 18. O-O a6 19. Rfe1 O-O-O 20. cxd5 Rxd5 21. Qa7 Re8 22. Rac1 Bc2 23. Bc3 Qa4 24. Bxf6 gxf6 25. Rxc2+ Qxc2 26. Qa8+ Kc7 27. Qxe8 Re5 28. Qxf7+ Kb8 29. Qxf6 Rxe2 30. Qd8+ Ka7 31. Qd4+ Kb8 32. Rxe2 Qxe2 33. Kg2 Qe6 34. Kg3 Ka8 35. Qe3 Qf6 36. b4 Qd6+ 37. f4 Qd8 38. Qc3 Qf8 39. a4 Qe8 40. a5 Qf8 41. Qc5 Qd8 42. g5 hxg5 43. fxg5 Qd3+ 44. Kf4 Qxh3 45. g6 Qf1+ 46. Kg5 Qg2+ 47. Kf6 Qb2+ 48. Kf7 Qb3+ 49. Kf8 Qf3+ 50. Kg7 Qe4 51. Qd6 Qe2 52. Kh7 Qe4 53. Kh8 Qe8+ 54. Kg7 Qe2 55. Qd8+ Ka7 56. Qd4+ Ka8 57. Kf6 Qf3+ 58. Ke7 Qe2+ 59. Kd8 Qe6 60. g7 Qf7 61. Qg4 Qd5+ 62. Ke7 Qe5+ 63. Kf7 Qc7+ 64. Kf6 Qd8+ 65. Kg6 Qd6+ 66. Kg5 Qd2+ 67. Qf4 Qd5+ 68. Kh6 Qh1+ 69. Kg6 Qc6+ 70. Qf6 Qe4+ 71. Kf7 Qc4+ 72. Qe6 Qf4+ 73. Ke8 Qb8+ 74. Ke7 Ka7 75. Qb6+ Ka8 76. Qd8 1-0

[Event "Varennes int."]
[Site "Varennes CAN"]
[Date "2017.10.07"]
[Round "2.13"]
[White "Hua, Eugene"]
[Black "Drolet, Stephane"]
[Result "1-0"]
[WhiteElo "2220"]
[BlackElo "2076"]
[WhiteFideId "-1"]
[WhiteFideId "-1"]
[PlyCount "75"]
[GameId "2160767908326015"]
[EventDate "2017.10.06"]
[EventType "swiss"]
[EventRounds "5"]
[EventCountry "CAN"]
[SourceTitle "hb 2017"]

1. e4 Nc6 2. Nf3 e6 3. d4 d5 4. Nbd2 Nf6 5. e5 Nd7 6. Bd3 f6 7. exf6 Qxf6 8. O-O Bd6 9. c4 Nb4 10. Bb1 c6 11. a3 Na6 12. Re1 O-O 13. Nf1 g6 14. Bh6 Re8 15. Ne3 Qd8 16. Ng4 Be7 17. Bxg6 hxg6 18. Qd3 Kh7 19. Nfe5 Nxe5 20. Nxe5 Rg8 21. Qh3 Rh8 22. Bg5+ Kg7 23. Bxe7 Rxh3 24. Bxd8 Rb3 25. Re3 dxc4 26. Nxc4 Rxe3 27. fxe3 Bd7 28. Be7 Nc7 29. Ne5 Be8 30. Rf1 Nd5 31. Bg5 Rc8 32. Rf3 c5 33. e4 Nb6 34. Bf6+ Kf8 35. Rh3 Bf7 36. Rh7 Rc7 37. Bd8 Kg8 38. Bxc7 1-0

[Event "Varennes int."]
[Site "Varennes CAN"]
[Date "2017.10.07"]
[Round "2.16"]
[White "Chabot, Roland"]
[Black "Lin, Benjamin"]
[Result "1/2-1/2"]
[WhiteElo "2153"]
[BlackElo "1862"]
[WhiteFideId "-1"]
[WhiteFideId "-1"]
[PlyCount "43"]
[GameId "2160767908330114"]
[EventDate "2017.10.06"]
[EventType "swiss"]
[EventRounds "5"]
[EventCountry "CAN"]
[SourceTitle "hb 2017"]

1. d4 d5 2. c4 c6 3. cxd5 cxd5 4. Bf4 e6 5. e3 Nf6 6. Nc3 Bd6 7. Bxd6 Qxd6 8. Bd3 O-O 9. f4 b6 10. Nf3 Qb4 11. Qc2 Ba6 12. Bxa6 Nxa6 13. a3 Qe7 14. O-O Rac8 15. Rac1 Qb7 16. Nd2 Nc7 17. Qd3 Rfd8 18. Rc2 Nce8 19. Rfc1 Nd6 20. b3 g6 21. h3 h5 22. Nf3 1/2-1/2

[Event "Varennes int."]
[Site "Varennes CAN"]
[Date "2017.10.07"]
[Round "2.19"]
[White "Couture, Jonathan"]
[Black "Ouellet, Maili-Jade"]
[Result "1/2-1/2"]
[WhiteElo "1947"]
[BlackElo "2084"]
[WhiteFideId "-1"]
[WhiteFideId "-1"]
[PlyCount "95"]
[GameId "2160767908330117"]
[EventDate "2017.10.06"]
[EventType "swiss"]
[EventRounds "5"]
[EventCountry "CAN"]
[SourceTitle "hb 2017"]

1. e4 c5 2. b4 cxb4 3. a3 e5 4. Nf3 Nc6 5. Bc4 Nf6 6. Qe2 Be7 7. axb4 Bxb4 8. c3 Be7 9. O-O O-O 10. d4 d6 11. h3 a6 12. Rd1 Qc7 13. Bb2 Bd7 14. Ba2 Rac8 15. Nbd2 b5 16. Rdc1 Nh5 17. Qe3 Nf4 18. Kh2 Kh8 19. Ba3 f5 20. dxe5 fxe4 21. Nxe4 dxe5 22. Bxe7 Nxe7 23. Ng3 Neg6 24. Ng5 Bc6 25. N3e4 h6 26. Ne6 Nxe6 27. Bxe6 Rce8 28. Bg4 Nf4 29. Rxa6 Bb7 30. Ra7 Qc6 31. Bf3 Nd5 32. Qc5 Qxc5 33. Nxc5 Bc6 34. c4 bxc4 35. Rxc4 Nb6 36. Rg4 Bxf3 37. Rgxg7 Rf6 38. Rh7+ Kg8 39. gxf3 Rc8 40. Rag7+ Kf8 41. Nd7+ Nxd7 42. Rxd7 Kg8 43. Rdg7+ Kf8 44. Kg2 e4 45. fxe4 Rc2 46. Ra7 Rcxf2+ 47. Kg3 R2f3+ 48. Kg2 1/2-1/2

[Event "Varennes int."]
[Site "Varennes CAN"]
[Date "2017.10.07"]
[Round "2.21"]
[White "Robichaud, Louis"]
[Black "Forget, Luc"]
[Result "1-0"]
[WhiteElo "2056"]
[BlackElo "1912"]
[WhiteFideId "-1"]
[WhiteFideId "-1"]
[PlyCount "63"]
[GameId "2160767908330119"]
[EventDate "2017.10.06"]
[EventType "swiss"]
[EventRounds "5"]
[EventCountry "CAN"]
[SourceTitle "hb 2017"]

1. e4 e6 2. d3 d5 3. Nd2 c5 4. g3 Nc6 5. Bg2 Nf6 6. Ngf3 g6 7. O-O Bg7 8. exd5 Nxd5 9. Ne4 Qe7 10. Bg5 Nf6 11. d4 h6 12. Bxf6 Bxf6 13. Nxf6+ Qxf6 14. dxc5 O-O 15. c3 Kg7 16. Qe2 a5 17. Rfe1 a4 18. Nd2 Kh7 19. Nc4 Ra7 20. Rad1 Ne7 21. Ne5 Re8 22. Qb5 Rg8 23. Rd4 Rf8 24. Rxa4 Rxa4 25. Qxa4 Rd8 26. Qc2 Nd5 27. h4 Qg7 28. h5 Nf6 29. hxg6+ fxg6 30. b4 Rg8 31. c4 Nd7 32. Nxg6 1-0

[Event "Varennes int."]
[Site "Varennes CAN"]
[Date "2017.10.07"]
[Round "2.23"]
[White "Durette, Francis"]
[Black "Langlois-Remillard, Alexis"]
[Result "0-1"]
[WhiteElo "2032"]
[BlackElo "1891"]
[WhiteFideId "-1"]
[WhiteFideId "-1"]
[PlyCount "100"]
[GameId "2160767908330121"]
[EventDate "2017.10.06"]
[EventType "swiss"]
[EventRounds "5"]
[EventCountry "CAN"]
[SourceTitle "hb 2017"]

1. c4 c5 2. Nc3 b6 3. g3 Bb7 4. e4 Nf6 5. Bg2 e6 6. Nge2 Be7 7. O-O Nc6 8. h3 d6 9. d3 O-O 10. f4 a6 11. g4 Nd7 12. Be3 Bf6 13. g5 Bd4 14. Qd2 Rc8 15. Bf2 Bxf2+ 16. Rxf2 Nd4 17. Nxd4 cxd4 18. Ne2 e5 19. f5 f6 20. h4 Kh8 21. Bf3 Bc6 22. Rg2 Nb8 23. Kh1 Rg8 24. Rag1 Be8 25. Ng3 Rc7 26. Nh5 Bxh5 27. Bxh5 Nc6 28. Bd1 b5 29. Bb3 Rf8 30. h5 Qe8 31. Rh2 fxg5 32. Rxg5 Ne7 33. Qg2 Ng8 34. Qg3 Rf6 35. Rg2 Qf8 36. a3 Rh6 37. Rh2 Nf6 38. Qf3 Qe8 39. Qe2 Qd8 40. Qd2 bxc4 41. Bc2 cxd3 42. Bxd3 d5 43. Rh4 dxe4 44. Bxe4 Nxe4 45. Rxe4 Qd5 46. Qd3 Rhc6 47. Rg1 Rc2 48. Rge1 Rxb2 49. Qxa6 Qxe4+ 50. Rxe4 Rc1+ 0-1

[Event "Varennes int."]
[Site "Varennes CAN"]
[Date "2017.10.07"]
[Round "2.24"]
[White "Johnson-Constantin, Mathieu"]
[Black "Dukic, Zachary"]
[Result "1-0"]
[WhiteElo "1829"]
[BlackElo "2020"]
[WhiteFideId "-1"]
[WhiteFideId "-1"]
[PlyCount "105"]
[GameId "2160767908330122"]
[EventDate "2017.10.06"]
[EventType "swiss"]
[EventRounds "5"]
[EventCountry "CAN"]
[SourceTitle "hb 2017"]

1. e4 e5 2. Nf3 Nc6 3. Bb5 a6 4. Ba4 Nf6 5. d3 Bc5 6. c3 d6 7. h3 O-O 8. Nbd2 b5 9. Bc2 d5 10. O-O Bb6 11. Re1 Re8 12. Nf1 h6 13. g4 d4 14. Ng3 Nxg4 15. hxg4 Bxg4 16. Kg2 Qf6 17. Rh1 Re6 18. Bb3 Rd6 19. Bd5 Rad8 20. Qe2 Ne7 21. c4 c6 22. Bd2 cxd5 23. cxd5 Ng6 24. Nh5 Bxh5 25. Rxh5 Nf4+ 26. Bxf4 Qg6+ 27. Bg3 Qxh5 28. Rh1 Qg4 29. Rh4 Qc8 30. Nxe5 Rf6 31. Ng4 Rg6 32. Ne5 Rf6 33. Ng4 Rg6 34. Ne5 Rg5 35. f4 Rxe5 36. fxe5 Qc1 37. Rh1 Qg5 38. Kf3 Rc8 39. Bf4 Qe7 40. Qg2 Kh7 41. Qh3 Qf8 42. Qf5+ Kh8 43. Bxh6 gxh6 44. Qf6+ Kh7 45. Qxb6 Qg7 46. Qf6 Qxf6+ 47. exf6 Kg6 48. Kf4 Kxf6 49. Rxh6+ Ke7 50. Rxa6 Rc2 51. Ke5 f6+ 52. Rxf6 Rxb2 53. Ra6 1-0

[Event "Varennes int."]
[Site "Varennes CAN"]
[Date "2017.10.07"]
[Round "2.25"]
[White "Saha, Ananda"]
[Black "Saine, Zachary"]
[Result "1/2-1/2"]
[WhiteElo "2018"]
[BlackElo "1812"]
[WhiteFideId "-1"]
[WhiteFideId "-1"]
[PlyCount "168"]
[GameId "2160767908330123"]
[EventDate "2017.10.06"]
[EventType "swiss"]
[EventRounds "5"]
[EventCountry "CAN"]
[SourceTitle "hb 2017"]

1. Nf3 d5 2. c4 e6 3. g3 Nf6 4. Bg2 c6 5. b3 Be7 6. Bb2 Nbd7 7. O-O O-O 8. d3 Rb8 9. Nbd2 b5 10. Qc2 bxc4 11. dxc4 c5 12. cxd5 exd5 13. Rac1 Bb7 14. Rfd1 Qc7 15. Nd4 Rfe8 16. e3 Qb6 17. Nf5 Bf8 18. h3 Rbc8 19. Qb1 g6 20. Nh4 Bg7 21. Qa1 Ba8 22. g4 Qe6 23. Nhf3 h6 24. Nf1 Red8 25. Ng3 Ne8 26. Bxg7 Nxg7 27. Rc2 Nb6 28. Qc1 Qe7 29. Qa3 Ne6 30. Rcd2 Qf6 31. Qxa7 Nc7 32. Qa5 c4 33. Nd4 Bb7 34. Qc3 Ne6 35. Nge2 Ng5 36. Qa1 Ba6 37. b4 Ne4 38. Bxe4 dxe4 39. Nc3 Qh4 40. Kh2 h5 41. Rg1 Bb7 42. a4 Nd7 43. gxh5 Ne5 44. Rg3 Qxh5 45. Qd1 Qh8 46. Nf5 Rxd2 47. Qxd2 Qf6 48. Nd4 Rd8 49. Qc2 Rxd4 50. exd4 Nf3+ 51. Kh1 Qxd4 52. Nd1 Ne1 53. Qe2 e3+ 54. f3 Nxf3 55. Rxf3 Qd5 56. Nxe3 Qxf3+ 57. Qxf3 Bxf3+ 58. Kg1 c3 59. Kf2 Bd1 60. a5 c2 61. Nxc2 Bxc2 62. b5 Bd3 63. b6 Ba6 64. Ke3 f6 65. Kd4 f5 66. h4 Kf7 67. Ke5 Bc8 68. Kd5 Bb7+ 69. Ke5 Ke7 70. h5 Kf7 71. hxg6+ Kxg6 72. Kd6 f4 73. Kc7 f3 74. Kxb7 f2 75. a6 f1=Q 76. a7 Qf3+ 77. Kb8 Qf8+ 78. Kb7 Qe7+ 79. Kb8 Qd8+ 80. Kb7 Qd5+ 81. Kb8 Qd6+ 82. Kb7 Qd5+ 83. Kb8 Qa5 84. a8=Q Qxb6+ 1/2-1/2

[Event "Varennes int."]
[Site "Varennes CAN"]
[Date "2017.10.07"]
[Round "2.26"]
[White "Qiao, Cindy"]
[Black "Tanaka, Tyler"]
[Result "0-1"]
[WhiteElo "1779"]
[BlackElo "1990"]
[WhiteFideId "-1"]
[WhiteFideId "-1"]
[PlyCount "100"]
[GameId "2160767908330124"]
[EventDate "2017.10.06"]
[EventType "swiss"]
[EventRounds "5"]
[EventCountry "CAN"]
[SourceTitle "hb 2017"]

1. e4 c5 2. Nf3 d6 3. d4 cxd4 4. Qxd4 a6 5. h3 Nc6 6. Qe3 g6 7. c4 Bg7 8. Nc3 Nf6 9. Bd3 O-O 10. O-O Nd7 11. Bb1 Nde5 12. Nd2 Rb8 13. a3 b5 14. c5 dxc5 15. Qxc5 Bb7 16. Rd1 Nd7 17. Qe3 e5 18. Nf3 Nd4 19. Ne2 Nxf3+ 20. Qxf3 Qe7 21. Bd2 Rfd8 22. Bb4 Qe8 23. Bd6 Rbc8 24. Ba2 Nf6 25. Nc3 a5 26. b4 axb4 27. Bxb4 Rd4 28. Re1 Rcd8 29. Bb1 Qc6 30. Ne2 Rd1 31. Ng3 Rxe1+ 32. Bxe1 h5 33. h4 Ba6 34. Ba2 Bb7 35. Bb1 Qc1 36. Kf1 Ng4 37. Qc3 Rd1 38. Qxc1 Rxc1 39. Ke2 Bh6 40. Bd2 Bxd2 41. Kxd2 Rg1 42. Ne2 Rxg2 43. f3 Nh2 44. Ke3 Nf1+ 45. Kd3 Ba6 46. Ba2 b4+ 47. Bc4 Bxc4+ 48. Kxc4 Rxe2 49. Rxf1 bxa3 50. Kb3 a2 0-1

[Event "Varennes int."]
[Site "Varennes CAN"]
[Date "2017.10.07"]
[Round "2.27"]
[White "Blanchette, Rene"]
[Black "Turcotte, Jonathan"]
[Result "1/2-1/2"]
[WhiteElo "1758"]
[BlackElo "1980"]
[WhiteFideId "-1"]
[WhiteFideId "-1"]
[PlyCount "148"]
[GameId "2160767908330125"]
[EventDate "2017.10.06"]
[EventType "swiss"]
[EventRounds "5"]
[EventCountry "CAN"]
[SourceTitle "hb 2017"]

1. Nf3 d5 2. b3 Bf5 3. Bb2 e6 4. e3 Nf6 5. Be2 h6 6. d3 Be7 7. Nbd2 O-O 8. O-O Nbd7 9. Ne5 Nxe5 10. Bxe5 Nd7 11. Bb2 Bf6 12. Bxf6 Nxf6 13. f4 c6 14. Bf3 Qb6 15. Qe2 Rad8 16. Kh1 Bh7 17. e4 dxe4 18. dxe4 Qb4 19. Rad1 Rd4 20. a3 Qc5 21. Qe3 Rfd8 22. c3 R4d5 23. Qxc5 Rxc5 24. c4 Ra5 25. a4 b5 26. e5 Bc2 27. exf6 Bxd1 28. Rxd1 bxa4 29. b4 Ra6 30. c5 Rd4 31. Be2 a3 32. Bxa6 a2 33. Bc4 Rxd2 34. Ra1 Rb2 35. Bxa2 Rxb4 36. Bb1 Rc4 37. h3 Rxc5 38. fxg7 Kxg7 39. Be4 a5 40. Kg1 Rc4 41. Bf3 a4 42. Bd1 Rxf4 43. Bxa4 c5 44. Bd1 Kf6 45. Rc1 Rf5 46. Bg4 Re5 47. Kf2 Ke7 48. Rc4 Kd6 49. Bf3 Rg5 50. Rh4 Rg6 51. Ke3 f5 52. Ra4 Rg8 53. Ra6+ Kd7 54. Rc6 e5 55. Rxc5 e4 56. Rxf5 exf3 57. Kxf3 Ke6 58. g4 Ra8 59. Kg3 Ra3+ 60. Kh4 Ke7 61. Rh5 Ra6 62. Rf5 Ra3 63. Rf2 Ke6 64. Rf5 Ke7 65. g5 hxg5+ 66. Rxg5 Kf6 67. Rg4 Kf7 68. Rg2 Kf6 69. Rh2 Kg6 70. Kg4 Ra4+ 71. Kf3 Ra3+ 72. Ke4 Ra4+ 73. Kd5 Kh5 74. Re2 Ra3 1/2-1/2

[Event "Varennes int."]
[Site "Varennes CAN"]
[Date "2017.10.07"]
[Round "2.28"]
[White "Roy, Myriam"]
[Black "Cui, Leonardo"]
[Result "1-0"]
[WhiteElo "1977"]
[BlackElo "1557"]
[WhiteFideId "-1"]
[WhiteFideId "-1"]
[PlyCount "59"]
[GameId "2160767908330126"]
[EventDate "2017.10.06"]
[EventType "swiss"]
[EventRounds "5"]
[EventCountry "CAN"]
[SourceTitle "hb 2017"]

1. e4 d6 2. d4 Nf6 3. Nc3 g6 4. f4 Bg7 5. Nf3 Na6 6. Be2 O-O 7. O-O c5 8. d5 Nc7 9. h3 a6 10. a4 Re8 11. Be3 e6 12. dxe6 Bxe6 13. a5 Qd7 14. Qd2 Rad8 15. Ng5 d5 16. Bxc5 d4 17. Na4 Nxe4 18. Nxe4 Bxh3 19. Nd6 Ne6 20. Bb4 Bh6 21. Nb6 Qc6 22. Bf3 Bxf4 23. Bxc6 Bxd2 24. Bxe8 Bxb4 25. Bxf7+ Kh8 26. Nxb7 Rb8 27. gxh3 Nc7 28. Bc4 Rxb7 29. Rf7 Bd6 30. Raf1 1-0

[Event "Varennes int."]
[Site "Varennes CAN"]
[Date "2017.10.07"]
[Round "3"]
[White "Nicula, Marius"]
[Black "Lenderman, Aleksandr"]
[Result "0-1"]
[WhiteElo "2190"]
[BlackElo "2591"]
[WhiteFideId "-1"]
[WhiteFideId "-1"]
[PlyCount "72"]
[GameId "2160767908330127"]
[EventDate "2017.10.06"]
[EventType "swiss"]
[EventRounds "5"]
[EventCountry "CAN"]
[SourceTitle "CBM 181 Extra"]
[Source "ChessBase"]
[SourceDate "2017.12.12"]
[SourceVersion "1"]
[SourceVersionDate "2017.12.12"]
[SourceQuality "1"]

1. d4 Nf6 2. g3 c5 3. d5 e6 4. c4 exd5 5. cxd5 d6 6. Nc3 g6 7. Bg2 Bg7 8. Nf3 O-O 9. O-O Re8 10. Nd2 a6 11. a4 Nbd7 12. Nc4 Ne5 13. Ne3 Nfg4 14. Nxg4 Bxg4 15. a5 Bd7 16. Qb3 Rb8 17. Ra3 f5 18. h3 h5 19. f4 Nf7 20. e3 h4 21. Rf3 g5 22. fxg5 Nxg5 23. Rf4 hxg3 24. Qd1 Be5 25. Qh5 Bxf4 26. Qg6+ Kf8 27. Qh6+ Kf7 28. Qh5+ Kg7 29. exf4 Re1+ 30. Bf1 Be8 31. Qxg5+ Qxg5 32. fxg5 Rxc1 33. Ne2 Rxf1+ 34. Kxf1 Bb5 35. Rxg3 Re8 36. Rg2 f4 0-1

[Event "Varennes int."]
[Site "Varennes CAN"]
[Date "2017.10.07"]
[Round "3"]
[White "Sai, Krishna GV"]
[Black "Ruiz Sanchez, Orlen"]
[Result "1/2-1/2"]
[WhiteElo "2369"]
[BlackElo "2409"]
[WhiteFideId "-1"]
[WhiteFideId "-1"]
[PlyCount "121"]
[GameId "2160767908330128"]
[EventDate "2017.10.06"]
[EventType "swiss"]
[EventRounds "5"]
[EventCountry "CAN"]
[SourceTitle "CBM 181 Extra"]
[Source "ChessBase"]
[SourceDate "2017.12.12"]
[SourceVersion "1"]
[SourceVersionDate "2017.12.12"]
[SourceQuality "1"]

1. e4 c5 2. Nf3 d6 3. d4 cxd4 4. Nxd4 Nf6 5. Nc3 a6 6. Bg5 Nc6 7. Qd2 e6 8. O-O-O Be7 9. f3 Nxd4 10. Qxd4 b5 11. Kb1 Bb7 12. Bxf6 Bxf6 13. Qxd6 Qxd6 14. Rxd6 Bxc3 15. bxc3 Ke7 16. Rd3 Rac8 17. Be2 Rc7 18. Rhd1 Rhc8 19. R1d2 g5 20. Kb2 h5 21. Rd4 Kf6 22. a4 Rc5 23. axb5 axb5 24. Rd8 Rxc3 25. Rxc8 Rxc8 26. Bxb5 g4 27. c4 Ke5 28. Rd7 Rb8 29. Rxf7 Ba6 30. Rh7 Kd4 31. Rxh5 gxf3 32. gxf3 e5 33. h4 Bxb5 34. cxb5 Rxb5+ 35. Ka3 Rb6 36. Rf5 Rh6 37. h5 Rb6 38. Ka4 Ra6+ 39. Kb3 Rc6 40. Kb2 Ke3 41. Kb3 Kd4 42. Kb4 Rb6+ 43. Ka5 Rc6 44. Rg5 Rf6 45. Rf5 Rc6 46. Kb5 Re6 47. Rg5 Rh6 48. Kb4 Rb6+ 49. Ka4 Rf6 50. Rf5 Rb6 51. Ka3 Kc3 52. Ka4 Kc4 53. Ka5 Rc6 54. Rxe5 Rh6 55. Rg5 Rf6 56. Rg3 Rh6 57. Rg5 Rf6 58. Rg3 Rh6 59. Rg5 Rf6 60. Rg3 Rh6 61. Rg5 1/2-1/2

[Event "Varennes int."]
[Site "Varennes CAN"]
[Date "2017.10.07"]
[Round "3"]
[White "Tomb, Maroun"]
[Black "Perez Garcia, Rodney Oscar"]
[Result "0-1"]
[WhiteElo "2155"]
[BlackElo "2315"]
[WhiteFideId "-1"]
[WhiteFideId "-1"]
[PlyCount "100"]
[GameId "2160767908330129"]
[EventDate "2017.10.06"]
[EventType "swiss"]
[EventRounds "5"]
[EventCountry "CAN"]
[SourceTitle "CBM 181 Extra"]
[Source "ChessBase"]
[SourceDate "2017.12.12"]
[SourceVersion "1"]
[SourceVersionDate "2017.12.12"]
[SourceQuality "1"]

1. e4 g6 2. d4 Bg7 3. Nc3 c6 4. Nf3 d5 5. Be2 Bg4 6. Be3 Nf6 7. e5 Nfd7 8. h3 Bxf3 9. Bxf3 e6 10. Be2 c5 11. f4 Qh4+ 12. Bf2 Qxf4 13. Nb5 O-O 14. Nc7 cxd4 15. Nxa8 Qxe5 16. Qd3 Nc6 17. Bg3 Qg5 18. h4 Qe7 19. Qb5 Nde5 20. Nb6 axb6 21. Qxb6 Nb4 22. O-O Rc8 23. c3 dxc3 24. bxc3 Nc2 25. Rab1 Rxc3 26. Bf2 Rc7 27. a4 h5 28. a5 Na3 29. Rbc1 Nac4 30. Qa7 Kh7 31. Qa8 Bh6 32. Rc3 Qb4 33. Rg3 Bg7 34. a6 bxa6 35. Qxa6 Nd2 36. Rd1 Ne4 37. Qa3 Qb8 38. Rb3 Qd8 39. Be1 Bf8 40. Qb2 Qf6 41. Kh1 Bg7 42. Rc1 Rxc1 43. Qxc1 Nf2+ 44. Kg1 Nfg4 45. Bg3 Bh6 46. Qb2 d4 47. Kh1 Be3 48. Qb1 Nf2+ 49. Kh2 d3 50. Rb5 dxe2 0-1

[Event "Varennes int."]
[Site "Varennes CAN"]
[Date "2017.10.07"]
[Round "3.1"]
[White "Sambuev, Bator"]
[Black "Perez Rodriguez, Luis Manuel"]
[Result "1-0"]
[WhiteElo "2535"]
[BlackElo "2368"]
[WhiteFideId "-1"]
[WhiteFideId "-1"]
[PlyCount "99"]
[GameId "2160767908330130"]
[EventDate "2017.10.06"]
[EventType "swiss"]
[EventRounds "5"]
[EventCountry "CAN"]
[SourceTitle "hb 2017"]

1. c4 e5 2. Nc3 Nf6 3. e3 d5 4. cxd5 Nxd5 5. Qc2 Nb4 6. Qb1 Bd6 7. a3 N4c6 8. b4 O-O 9. Nf3 a6 10. Bc4 Bg4 11. Ne4 Bf5 12. Rg1 Nd7 13. Bd3 Bg6 14. g4 Nf6 15. h4 Bxe4 16. Bxe4 Nxe4 17. Qxe4 f6 18. Bb2 Qe7 19. h5 Qf7 20. Nh4 a5 21. b5 Nd8 22. Nf5 Ne6 23. Qc4 Nc5 24. Qxf7+ Kxf7 25. Ke2 Na4 26. Bc1 g6 27. Ng3 Rfd8 28. Rh1 Kg7 29. Ra2 Rac8 30. Rc2 c6 31. bxc6 Rxc6 32. Rxc6 bxc6 33. Kd1 c5 34. hxg6 hxg6 35. Rh4 Nb6 36. Kc2 Be7 37. g5 f5 38. Bb2 Bxg5 39. Bxe5+ Bf6 40. Nxf5+ Kf7 41. Nh6+ Ke6 42. Bxf6 Kxf6 43. Rf4+ Ke6 44. Ng4 Nd7 45. Re4+ Kd5 46. Re7 Nb6 47. Re5+ Kc6 48. Rg5 Nc4 49. Ne5+ Nxe5 50. Rxe5 1-0

[Event "Varennes int."]
[Site "Varennes CAN"]
[Date "2017.10.07"]
[Round "3.5"]
[White "Bruzon Batista, Lazaro"]
[Black "Hua, Eugene"]
[Result "1-0"]
[WhiteElo "2660"]
[BlackElo "2220"]
[WhiteFideId "-1"]
[WhiteFideId "-1"]
[PlyCount "93"]
[GameId "2160767908330133"]
[EventDate "2017.10.06"]
[EventType "swiss"]
[EventRounds "5"]
[EventCountry "CAN"]

1. Nf3 c5 2. c4 Nc6 3. d4 cxd4 4. Nxd4 Nf6 5. Nc3 e6 6. g3 Qb6 7. Ndb5 Ne5 8. Bg2 a6 9. Qa4 Rb8 10. Be3 Bc5 11. Bxc5 Qxc5 12. Qa3 Qxa3 13. Nxa3 g5 14. O-O Ke7 15. Rad1 b6 16. b3 Bb7 17. f3 d5 18. cxd5 Nxd5 19. Nxd5+ Bxd5 20. Nc2 a5 21. Ne3 Bb7 22. Kf2 Rhd8 23. Rxd8 Rxd8 24. Rc1 Rc8 25. Rxc8 Bxc8 26. f4 gxf4 27. gxf4 Nd7 28. Be4 Nf6 29. Bd3 h6 30. Nc4 Nd5 31. Kg3 f5 32. a3 Bd7 33. e4 fxe4 34. Bxe4 Nc3 35. Kf3 a4 36. bxa4 Nxa4 37. Ke3 Bb5 38. Ne5 Kf6 39. Kd4 Nc5 40. Bc2 Be2 41. a4 Ke7 42. a5 Nd7 43. Nxd7 Kxd7 44. axb6 Kc6 45. Ke5 Bc4 46. Bd1 Kxb6 47. Kd6 1-0

[Event "Varennes int."]
[Site "Varennes CAN"]
[Date "2017.10.07"]
[Round "3.11"]
[White "Vera Gonzalez Quevedo, Reynaldo"]
[Black "Bassel, Charaf"]
[Result "1-0"]
[WhiteElo "2446"]
[BlackElo "2083"]
[WhiteFideId "-1"]
[WhiteFideId "-1"]
[PlyCount "77"]
[GameId "2160767908330137"]
[EventDate "2017.10.06"]
[EventType "swiss"]
[EventRounds "5"]
[EventCountry "CAN"]
[SourceTitle "hb 2017"]

1. d4 d5 2. c4 Nc6 3. Nc3 Nf6 4. Nf3 e6 5. Bg5 Be7 6. e3 Ne4 7. Bxe7 Qxe7 8. Rc1 O-O 9. Qc2 Nxc3 10. Qxc3 Bd7 11. a3 Nd8 12. Bd3 c6 13. O-O f5 14. b4 Nf7 15. Qb3 a6 16. a4 Rfc8 17. Rc2 Nd6 18. Ra1 Kh8 19. Rca2 Be8 20. c5 Nf7 21. b5 a5 22. Rb2 Rc7 23. Qc3 Bd7 24. b6 Rcc8 25. Nd2 e5 26. Nb3 e4 27. Bf1 f4 28. exf4 g5 29. f5 Bxf5 30. Nxa5 Rg8 31. Nb3 g4 32. Qg3 Rg6 33. a5 Ng5 34. a6 bxa6 35. Rxa6 Rxa6 36. Bxa6 Nf3+ 37. Kh1 e3 38. b7 Rg8 39. b8=Q 1-0

[Event "Varennes int."]
[Site "Varennes CAN"]
[Date "2017.10.07"]
[Round "3.12"]
[White "Morella Cabrera, Julio Antonio"]
[Black "Robichaud, Louis"]
[Result "1-0"]
[WhiteElo "2248"]
[BlackElo "2056"]
[WhiteFideId "-1"]
[WhiteFideId "-1"]
[PlyCount "63"]
[GameId "2160767908330138"]
[EventDate "2017.10.06"]
[EventType "swiss"]
[EventRounds "5"]
[EventCountry "CAN"]
[SourceTitle "hb 2017"]

1. e4 e5 2. Nf3 Nc6 3. Bc4 Bc5 4. c3 Nf6 5. b4 Bb6 6. d3 O-O 7. O-O d5 8. exd5 Nxd5 9. b5 Na5 10. Nxe5 Re8 11. Nxf7 Qd7 12. Ng5 Nxc4 13. dxc4 Nf6 14. Qb3 Bc5 15. Ba3 Qd6 16. Bxc5 Qxc5 17. Nf3 Be6 18. Nbd2 Bf7 19. Qb4 Qf5 20. Rae1 a5 21. Rxe8+ Bxe8 22. Qe7 Bd7 23. Qe5 Qxe5 24. Nxe5 Be8 25. f3 b6 26. Kf2 Rd8 27. Nb3 a4 28. Nd4 Nd7 29. Nec6 Ra8 30. Ne6 Bf7 31. Nxc7 Rf8 32. Nd5 1-0

[Event "Varennes int."]
[Site "Varennes CAN"]
[Date "2017.10.07"]
[Round "3.13"]
[White "Gordon, David"]
[Black "Roy, Myriam"]
[Result "1-0"]
[WhiteElo "2199"]
[BlackElo "1977"]
[WhiteFideId "-1"]
[WhiteFideId "-1"]
[PlyCount "31"]
[GameId "2160767908330139"]
[EventDate "2017.10.06"]
[EventType "swiss"]
[EventRounds "5"]
[EventCountry "CAN"]
[SourceTitle "hb 2017"]

1. d4 d5 2. Bf4 Nf6 3. e3 e6 4. Nd2 c5 5. c3 Be7 6. Bd3 Nbd7 7. Ngf3 b6 8. Ne5 Bb7 9. Qf3 c4 10. Bxc4 Nxe5 11. Bxe5 O-O 12. Bd3 Qd7 13. Qh3 g6 14. Qh6 Ne8 15. h4 f6 16. h5 1-0